000
00298nam a22001337a 4500
008
180313b xxu||||| |||| 00| 0 eng d
020
_a
9781933538730
041
_a
eng
080
_a
94
100
_a
16
101
_a
HIS
245
_a
Ideas and adventures 1200-1700
_c
Thoss,S.P
942
_2
udc
_c
BK
999
_c
44909
_d
44909